| 000 | 00443nam a22001697a 4500 | ||
|---|---|---|---|
| 003 | OSt | ||
| 005 | 20140310182122.0 | ||
| 008 | 130827t xxu||||| |||| 00| 0 eng d | ||
| 020 | _a0415186927 | ||
| 050 |
_aDS 777.55 _bL384 1984 |
||
| 082 |
_aHS 951.05 _bL43 1998 |
||
| 100 |
_aLawrance, Alan _914089 |
||
| 245 |
_aChina under communism _c/ Alan Lawrance. |
||
| 260 |
_aLondon : _b Routledge, _cc1998. |
||
| 942 |
_2lcc _cHS |
||
| 999 |
_c9556 _d9556 |
||